Cryptocurrencies under Slovak act on accounting
Pojem kryptomeny - virtuálne meny, digitálne peniaze. Posúdenie kryptomien ako prostriedku výmeny z pohľadu účtovníctva v SR. Nakoľko vo svete, ani na Slovensku neexistuje žiadne usmernenie, ktoré by špecifikovalo účtovanie kryptomien, je potrebné vychádzať zo všeobecných ustanovení úpravy účtovníct...
Guardado en:
| Autor principal: | |
|---|---|
| Formato: | Capítulo de libro |
| Lenguaje: | eslovaco |
| Materias: | |
| Etiquetas: |
Sin Etiquetas, Sea el primero en etiquetar este registro!
|
MARC
| LEADER | 00000naa$a2200000$$$4500 | ||
|---|---|---|---|
| 001 | 0236187 | ||
| 005 | 20240502073823.8 | ||
| 041 | 0 | |a slo | |
| 044 | |a SK | ||
| 245 | 1 | 0 | |a Cryptocurrencies under Slovak act on accounting |c Tomáš Matuský |
| 520 | |a Pojem kryptomeny - virtuálne meny, digitálne peniaze. Posúdenie kryptomien ako prostriedku výmeny z pohľadu účtovníctva v SR. Nakoľko vo svete, ani na Slovensku neexistuje žiadne usmernenie, ktoré by špecifikovalo účtovanie kryptomien, je potrebné vychádzať zo všeobecných ustanovení úpravy účtovníctva. Najznámejšia kryptomena - bitcoin, vývoj ceny bitcoinov. Identifikácia dvoch možných prístupov k účtovaniu kryptomien podľa slovenskej právnej úpravy účtovníctva v závislosti od spôsobu ich použitia. | ||
| 610 | 2 | 0 | |a mena virtuálna |
| 610 | 2 | 0 | |a účtovanie |
| 610 | 2 | 0 | |a svet |
| 610 | 2 | 0 | |a Slovensko |
| 100 | 1 | |a Matuský, Tomáš | |